[Event "USA-ch Seniors"]
[Site "Saint Louis"]
[Date "2023.07.15"]
[Round "1"]
[White "Khachiyan, Melikset"]
[Black "Akopian, Vladimir Eduardovic"]
[Result "1-0"]
[WhiteElo "2403"]
[BlackElo "2612"]
[PlyCount "75"]
[EventDate "2023.07.15"]
[EventType "tourn"]
[EventRounds "9"]
[EventCountry "USA"]
[EventCategory "10"]
[SourceTitle "CBM 215 Extra"]
[Source "ChessBase"]
[SourceDate "2023.09.30"]
[SourceVersion "1"]
[SourceVersionDate "2023.09.30"]
[SourceQuality "1"]

1. e4 c5 2. Nf3 e6 3. d4 cxd4 4. Nxd4 a6 5. c4 Nf6 6. Nc3 Qc7 7. a3 b6 8. Be3 Bb7 9. f3 Be7 10. Rc1 0-0 11. Be2 d6 12. 0-0 Nbd7 13. b4 Rac8 14. Qd2 Qb8 15. Rfd1 Rfe8 16. Bf1 Ne5 17. Na4 Ba8 18. Nb3 Nxc4 19. Bxc4 b5 20. Nb6 bxc4 21. Nxc8 Rxc8 22. Nd4 d5 23. Bf4 e5 24. Nf5 Bf8 25. Bg5 dxe4 26. Bxf6 Qb6+ 27. Qe3 Qxf6 28. fxe4 a5 29. Qh3 Qe6 30. Nd6 Qxh3 31. gxh3 Bxd6 32. Rxd6 g6 33. Rcd1 Rf8 34. Rd8 Bxe4 35. bxa5 Bb7 36. Rxf8+ Kxf8 37. Rd7 Ba6 38. Rd6 1-0

[Event "Dubai op 22nd"]
[Site "Dubai"]
[Date "2022.09.03"]
[Round "8"]
[White "Sandipan, Chanda"]
[Black "Akopian, Vladimir Eduardovic"]
[Result "1-0"]
[WhiteElo "2458"]
[BlackElo "2616"]
[PlyCount "107"]
[EventDate "2022.08.27"]
[EventType "swiss"]
[EventRounds "9"]
[EventCountry "UAE"]
[SourceTitle "CBM 210 Extra"]
[Source "ChessBase"]
[SourceDate "2022.11.30"]
[SourceVersion "1"]
[SourceVersionDate "2022.11.30"]
[SourceQuality "1"]

1. d4 Nf6 2. c4 g6 3. Nc3 Bg7 4. e4 d6 5. Be2 0-0 6. Bg5 Nbd7 7. Nf3 h6 8. Be3 e5 9. 0-0 Qe7 10. d5 Ng4 11. Bc1 a5 12. Ne1 Ngf6 13. Nd3 b6 14. Be3 Nc5 15. f3 Nh5 16. Qd2 f5 17. exf5 gxf5 18. g4 Nxd3 19. gxh5 Nf4 20. Bxf4 exf4 21. Qxf4 Kh7 22. Kh1 Be5 23. Qe3 Qf6 24. Nb5 Bxh2 25. Qf2 Bf4 26. Rg1 Qxb2 27. Rab1 Qe5 28. Rg6 Rf7 29. Bd3 Bg5 30. Re1 Qf4 31. Kg2 Bh4 32. Qe3 Qxe3 33. Rxe3 Bd7 34. Nxc7 Rg8 35. Rxg8 Kxg8 36. f4 Rg7+ 37. Kh3 Bf2 38. Rf3 Bc5 39. Ne6 Rg1 40. Bxf5 Kf7 41. Ng5+ hxg5 42. Bxd7 gxf4 43. Rxf4+ Kg7 44. Be8 Re1 45. Bg6 Kh6 46. a4 Rd1 47. Kg4 Rd4 48. Be4 Rxc4 49. Rf6+ Kg7 50. Kf5 Rc1 51. h6+ Kg8 52. Ke6 Bd4 53. h7+ Kg7 54. Rg6+ 1-0

[Event "US op 122nd"]
[Site "Rancho Mirage"]
[Date "2022.08.05"]
[Round "7"]
[White "Matviishen, Viktor"]
[Black "Akopian, Vladimir Eduardovic"]
[Result "1-0"]
[WhiteElo "2490"]
[BlackElo "2620"]
[PlyCount "95"]
[EventDate "2022.07.30"]
[EventType "swiss"]
[EventRounds "9"]
[EventCountry "USA"]
[SourceTitle "CBM 209 Extra"]
[Source "ChessBase"]
[SourceDate "2022.09.30"]
[SourceVersion "1"]
[SourceVersionDate "2022.09.30"]
[SourceQuality "1"]

1. d4 Nf6 2. c4 e6 3. Nf3 c5 4. d5 d6 5. Nc3 exd5 6. cxd5 g6 7. Bf4 Bg7 8. e3 0-0 9. h3 Na6 10. Bxa6 bxa6 11. Rc1 Rb8 12. b3 a5 13. 0-0 Ba6 14. Re1 Re8 15. Bh2 Rb4 16. Nd2 Nd7 17. a3 Rb7 18. Bxd6 Bxc3 19. Rxc3 Qf6 20. Rxc5 Qxd6 21. Rc6 Qxd5 22. Rxa6 Nb8 23. Rf6 Rd7 24. Re2 Qc5 25. Rf4 Red8 26. Rc4 Qxa3 27. Qc2 Qa1+ 28. Kh2 Na6 29. Nf3 Nb4 30. Qe4 Rd1 31. Nd4 Rh1+ 32. Kg3 Qg1 33. Nf3 Qa1 34. Qe7 Rf8 35. Rd2 Rd1 36. Rxd1 Qxd1 37. Nd4 Qf1 38. Qf6 Nd5 39. Qe5 Nb4 40. Qxa5 Nd3 41. Qd2 Ne1 42. f3 Nd3 43. Nc6 a5 44. Rc3 Nb4 45. Ne7+ Kg7 46. Qd4+ f6 47. Rc7 Rf7 48. Qd7 1-0

[Event "US op 122nd"]
[Site "Rancho Mirage"]
[Date "2022.08.03"]
[Round "5"]
[White "Shabalov, Alexander"]
[Black "Akopian, Vladimir Eduardovic"]
[Result "1/2-1/2"]
[WhiteElo "2510"]
[BlackElo "2620"]
[PlyCount "45"]
[EventDate "2022.07.30"]
[EventType "swiss"]
[EventRounds "9"]
[EventCountry "USA"]
[SourceTitle "CBM 209 Extra"]
[Source "ChessBase"]
[SourceDate "2022.09.30"]
[SourceVersion "1"]
[SourceVersionDate "2022.09.30"]
[SourceQuality "1"]

1. e4 e5 2. Nf3 Nc6 3. Bb5 Nf6 4. 0-0 Nxe4 5. d4 Nd6 6. Bxc6 dxc6 7. dxe5 Nf5 8. Qxd8+ Kxd8 9. Rd1+ Ke8 10. Nc3 b6 11. a4 Bb4 12. Ne2 a5 13. h3 h5 14. Bg5 Be7 15. Nf4 f6 16. exf6 gxf6 17. Ng6 Rg8 18. Nxe7 Kxe7 19. Bf4 Nd6 20. Kh2 Be6 21. b3 c5 22. Rd3 Rad8 23. Rad1 1/2-1/2

[Event "US op 122nd"]
[Site "Rancho Mirage"]
[Date "2022.07.31"]
[Round "2"]
[White "Akopian, Vladimir Eduardovic"]
[Black "Sakurai, Eric"]
[Result "1-0"]
[WhiteElo "2620"]
[BlackElo "2024"]
[PlyCount "49"]
[EventDate "2022.07.30"]
[EventType "swiss"]
[EventRounds "9"]
[EventCountry "USA"]
[SourceTitle "CBM 209 Extra"]
[Source "ChessBase"]
[SourceDate "2022.09.30"]
[SourceVersion "1"]
[SourceVersionDate "2022.09.30"]
[SourceQuality "1"]

1. Nf3 Nf6 2. c4 g6 3. b4 Bg7 4. Bb2 a5 5. b5 c5 6. g3 b6 7. Bg2 Bb7 8. 0-0 0-0 9. e3 d5 10. cxd5 Nxd5 11. Bxg7 Kxg7 12. d4 Nd7 13. e4 Nc7 14. Nc3 cxd4 15. Qxd4+ Kg8 16. Rad1 Nc5 17. Qe5 f6 18. Rxd8 fxe5 19. Rxa8 Rxa8 20. Nxe5 Rd8 21. Nc4 Rd3 22. Rc1 Nd7 23. Bf1 Rd4 24. Ne2 Rxe4 25. Nxa5 1-0

[Event "USA-ch Seniors"]
[Site "Saint Louis"]
[Date "2022.07.10"]
[Round "4"]
[White "Kaidanov, Gregory S"]
[Black "Akopian, Vladimir Eduardovic"]
[Result "1/2-1/2"]
[WhiteElo "2548"]
[BlackElo "2620"]
[PlyCount "115"]
[EventDate "2022.07.07"]
[EventType "tourn"]
[EventRounds "9"]
[EventCountry "USA"]
[EventCategory "11"]
[SourceTitle "CBM 209 Extra"]
[Source "ChessBase"]
[SourceDate "2022.09.30"]
[SourceVersion "1"]
[SourceVersionDate "2022.09.30"]
[SourceQuality "1"]

1. e4 c5 2. Nf3 Nc6 3. d4 cxd4 4. Nxd4 Qb6 5. Nb3 Nf6 6. Nc3 e6 7. Bd3 a6 8. 0-0 Be7 9. Be3 Qc7 10. f4 d6 11. Qf3 0-0 12. Rae1 b5 13. Kh1 Bb7 14. Qh3 Nb4 15. a3 Nxd3 16. cxd3 e5 17. Rc1 Qd8 18. fxe5 dxe5 19. Nc5 Bxc5 20. Bxc5 Re8 21. Qg3 Nd7 22. Be3 Nf8 23. Rf3 f6 24. Rd1 Qe7 25. Qf2 Rac8 26. Rg3 Red8 27. h4 Qf7 28. Rd2 Ne6 29. Rf3 h5 30. Ne2 Rc6 31. Ng3 Bc8 32. Nf5 Nc7 33. d4 Bxf5 34. Rxf5 exd4 35. Rxd4 Rxd4 36. Bxd4 Ne6 37. Be3 Qg6 38. e5 fxe5 39. Rxe5 Rc4 40. Bg5 Nxg5 41. hxg5 Rc1+ 42. Kh2 Qb1 43. Qe2 Rh1+ 44. Kg3 Qg6 45. Qe4 Kh7 46. Re6 Qxe4 47. Rxe4 Kg6 48. Re6+ Kxg5 49. Rxa6 h4+ 50. Kf2 Rb1 51. b4 Ra1 52. Rb6 Kf4 53. Rxb5 g5 54. Rc5 g4 55. Rc4+ Kf5 56. Rc5+ Ke4 57. Rc4+ Kf5 58. Rc5+ 1/2-1/2

[Event "Chicago op 31st"]
[Site "Chicago"]
[Date "2022.05.30"]
[Round "8"]
[White "Cordova, Emilio"]
[Black "Akopian, Vladimir Eduardovic"]
[Result "1/2-1/2"]
[WhiteElo "2549"]
[BlackElo "2622"]
[PlyCount "53"]
[EventDate "2022.05.26"]
[EventType "swiss"]
[EventRounds "9"]
[EventCountry "USA"]
[SourceTitle "CBM 208 Extra"]
[Source "ChessBase"]
[SourceDate "2022.07.31"]
[SourceVersion "1"]
[SourceVersionDate "2022.07.31"]
[SourceQuality "1"]

1. Nf3 Nf6 2. c4 g6 3. g3 Bg7 4. Bg2 0-0 5. 0-0 d6 6. d4 Nbd7 7. Nc3 e5 8. e4 exd4 9. Nxd4 Re8 10. Be3 Ne5 11. b3 Nfg4 12. Bf4 Nc6 13. Nxc6 bxc6 14. Rc1 g5 15. Bd2 Ne5 16. f4 gxf4 17. Bxf4 Qf6 18. Ne2 Bg4 19. Qd2 Bxe2 20. Qxe2 c5 21. Bxe5 Qxe5 22. Rcd1 c6 23. Qg4 Qe6 24. Qxe6 Rxe6 25. e5 Bxe5 26. Bxc6 Rf8 27. Rde1 1/2-1/2

[Event "Chicago op 31st"]
[Site "Wheeling"]
[Date "2022.05.27"]
[Round "2"]
[White "Plotkin, Mark"]
[Black "Akopian, Vladimir Eduardovic"]
[Result "1/2-1/2"]
[WhiteElo "2350"]
[BlackElo "2622"]
[PlyCount "54"]
[EventDate "2022.05.26"]
[EventType "swiss"]
[EventRounds "9"]
[EventCountry "USA"]
[SourceTitle "EXT 2024"]
[Source "ChessBase"]
[SourceDate "2023.10.10"]
[SourceVersion "1"]
[SourceVersionDate "2023.10.10"]
[SourceQuality "1"]

1. d4 Nf6 2. Nc3 d5 3. Bf4 Bf5 4. f3 e6 5. g4 Bg6 6. h4 h5 7. g5 Ng8 8. e3 Bd6 9. Nge2 Ne7 10. Qd2 c5 11. Bxd6 Qxd6 12. 0-0-0 0-0 13. e4 dxe4 14. fxe4 cxd4 15. Qxd4 Qxd4 16. Nxd4 Nbc6 17. Nf3 Rfd8 18. Bd3 Nd4 19. Nxd4 Rxd4 20. Kd2 Rad8 21. Ke3 Nc6 22. a3 Ne5 23. Be2 Rxd1 24. Rxd1 Rxd1 25. Nxd1 f6 26. gxf6 gxf6 27. Nf2 Bf7 1/2-1/2

[Event "North American op 31st"]
[Site "Las Vegas"]
[Date "2021.12.26"]
[Round "1"]
[White "Akopian, Vladimir Eduardovic"]
[Black "Xie, Bryan"]
[Result "1-0"]
[WhiteElo "2614"]
[BlackElo "2128"]
[PlyCount "63"]
[EventDate "2021.12.26"]
[EventType "swiss"]
[EventRounds "9"]
[EventCountry "USA"]
[SourceTitle "CBM 205 Extra"]
[Source "ChessBase"]
[SourceDate "2022.01.31"]
[SourceVersion "1"]
[SourceVersionDate "2022.01.31"]
[SourceQuality "1"]

1. Nf3 Nf6 2. c4 e6 3. g3 Be7 4. Bg2 0-0 5. 0-0 d5 6. b3 c5 7. Bb2 d4 8. e3 Nc6 9. exd4 cxd4 10. Re1 Re8 11. a3 a5 12. d3 Bf8 13. Ne5 Nxe5 14. Rxe5 Nd7 15. Rb5 e5 16. Bxb7 Bxb7 17. Rxb7 Nc5 18. Rb5 Qf6 19. b4 axb4 20. axb4 Rxa1 21. Bxa1 Na6 22. c5 Nc7 23. Rb6 Qf5 24. Bb2 Nd5 25. Rb5 Re6 26. Rb8 Nf4 27. Qf3 Qxd3 28. Qxd3 Nxd3 29. Ba3 e4 30. c6 e3 31. fxe3 Rxe3 32. Nd2 1-0

[Event "World op 49th"]
[Site "Philadelphia"]
[Date "2021.07.02"]
[Round "2"]
[White "Posthuma, Joshua G"]
[Black "Akopian, Vladimir Eduardovic"]
[Result "1/2-1/2"]
[WhiteElo "2344"]
[BlackElo "2625"]
[PlyCount "119"]
[EventDate "2021.07.01"]
[EventType "swiss"]
[EventRounds "9"]
[EventCountry "USA"]
[SourceTitle "EXT 2022"]
[Source "ChessBase"]
[SourceDate "2021.10.06"]
[SourceVersion "1"]
[SourceVersionDate "2021.10.06"]
[SourceQuality "1"]

1. d4 Nf6 2. c4 d6 3. Nc3 e5 4. Nf3 Nbd7 5. g3 g6 6. Bg2 Bg7 7. 0-0 0-0 8. b3 Re8 9. e3 c6 10. Bb2 Qe7 11. Rc1 Nf8 12. Ba3 e4 13. Nd2 Bf5 14. Re1 Qd7 15. f3 exf3 16. Qxf3 Ne6 17. d5 Ng5 18. Qf4 Nh3+ 19. Bxh3 Bxh3 20. Qxd6 Qxd6 21. Bxd6 cxd5 22. cxd5 Rad8 23. Nc4 Ne4 24. Nxe4 Rxe4 25. Bc5 b6 26. Nd2 Ree8 27. Bd4 Bxd4 28. exd4 Rxe1+ 29. Rxe1 Rxd5 30. Re4 Bf5 31. Rf4 g5 32. Ne4 Bxe4 33. Rxe4 f5 34. Re7 a5 35. Rb7 Rxd4 36. Rxb6 Rd1+ 37. Kf2 Rd2+ 38. Kg1 Kg7 39. Rb5 Rxa2 40. Rxf5 Kg6 41. Rb5 g4 42. Rc5 Kf6 43. Rh5 Ra3 44. Kg2 Ke6 45. h4 Kd6 46. Rxh7 Rxb3 47. Ra7 Rb5 48. Kf2 Kc5 49. Ke3 Kb6 50. Ra8 Rf5 51. Ke4 Rf3 52. h5 Rxg3 53. Kf4 Rg1 54. h6 Rh1 55. Rh8 a4 56. Kxg4 Kb7 57. Rh7+ Kb6 58. Rh8 a3 59. Ra8 Rxh6 60. Rxa3 1/2-1/2

[Event "Philadelphia int op 14th"]
[Site "Philadelphia"]
[Date "2021.06.28"]
[Round "5"]
[White "Sheng, Joshua"]
[Black "Akopian, Vladimir Eduardovic"]
[Result "0-1"]
[WhiteElo "2453"]
[BlackElo "2638"]
[PlyCount "114"]
[EventDate "2021.06.26"]
[EventType "swiss"]
[EventRounds "9"]
[EventCountry "USA"]
[SourceTitle "CBM 203 Extra"]
[Source "ChessBase"]
[SourceDate "2021.09.30"]
[SourceVersion "1"]
[SourceVersionDate "2021.09.30"]
[SourceQuality "1"]

1. e4 c5 2. Nf3 e6 3. d4 cxd4 4. Nxd4 a6 5. c4 Nf6 6. Nc3 Qc7 7. Be2 Bb4 8. Nc2 Be7 9. Be3 d6 10. g4 Nc6 11. g5 Nd7 12. h4 b6 13. h5 Bb7 14. h6 g6 15. f4 0-0 16. Qd2 Na5 17. Bf2 Rac8 18. Ne3 d5 19. exd5 Qxf4 20. Rh4 Qxg5 21. 0-0-0 exd5 22. Rg1 Qe5 23. Rh5 f5 24. Bg3 Qe6 25. cxd5 Qe4 26. Bd3 Qd4 27. Bxf5 Qxd2+ 28. Kxd2 Rxf5 29. Nxf5 Bc5 30. Rhh1 Nc4+ 31. Kd3 Nxb2+ 32. Kc2 Na4 33. Nxa4 Bxg1+ 34. Kb2 Rf8 35. Ne7+ Kf7 36. Nc6 Be3 37. Bd6 Re8 38. Rf1+ Kg8 39. Ne7+ Kh8 40. Rf7 Bxh6 41. Nc6 Bc8 42. Ne7 Bg7+ 43. Kb1 Bb7 44. Nc6 Bxc6 45. dxc6 Ne5 46. Rxg7 Kxg7 47. Bxe5+ Rxe5 48. c7 Re8 49. Nxb6 h5 50. c8Q Rxc8 51. Nxc8 h4 52. Nd6 Kf6 53. Kc2 Ke5 54. Nc4+ Kf4 55. Nd2 h3 56. Nf1 g5 57. Kd1 g4 0-1

[Event "Philadelphia int op 14th"]
[Site "Philadelphia"]
[Date "2021.06.27"]
[Round "4"]
[White "Akopian, Vladimir Eduardovic"]
[Black "Ali Marandi, Cemil Can"]
[Result "1/2-1/2"]
[WhiteElo "2638"]
[BlackElo "2543"]
[PlyCount "27"]
[EventDate "2021.06.26"]
[EventType "swiss"]
[EventRounds "9"]
[EventCountry "USA"]
[SourceTitle "CBM 203 Extra"]
[Source "ChessBase"]
[SourceDate "2021.09.30"]
[SourceVersion "1"]
[SourceVersionDate "2021.09.30"]
[SourceQuality "1"]

1. Nf3 Nf6 2. g3 g6 3. Bg2 Bg7 4. 0-0 0-0 5. c4 c6 6. d4 d5 7. Qb3 Qb6 8. Nc3 Rd8 9. Rd1 Bf5 10. Qxb6 axb6 11. cxd5 Nxd5 12. Bd2 Nxc3 13. Bxc3 Na6 14. e3 1/2-1/2

[Event "FIDE Chess.com Grand Swiss"]
[Site "Douglas"]
[Date "2019.10.19"]
[Round "9"]
[White "Akopian, Vladimir Eduardovic"]
[Black "Inarkiev, Ernesto"]
[Result "1/2-1/2"]
[WhiteElo "2638"]
[BlackElo "2693"]
[PlyCount "97"]
[EventDate "2019.10.10"]
[EventType "swiss"]
[EventRounds "11"]
[EventCountry "IOM"]
[SourceTitle "CBM 193"]
[Source "ChessBase"]
[SourceDate "2019.12.31"]
[SourceVersion "1"]
[SourceVersionDate "2019.12.31"]
[SourceQuality "1"]

1. e4 c5 2. Nf3 d6 3. d4 cxd4 4. Nxd4 Nf6 5. Nc3 a6 6. Be3 e6 7. f3 b5 8. Qd2 Nbd7 9. g4 b4 10. Nce2 h6 11. 0-0-0 Qc7 12. h4 d5 13. Rg1 dxe4 14. g5 hxg5 15. hxg5 exf3 16. Bf4 e5 17. gxf6 fxe2 18. Qxe2 gxf6 19. Bg2 Bb7 20. Bxb7 Qxb7 21. Nf5 Rc8 22. Be3 b3 23. axb3 Qxb3 24. Kb1 Qb5 25. Qg2 Qc6 26. Qe2 Rb8 27. Bc1 Nc5 28. Rg4 a5 29. Rgd4 Rh1 30. Nd6+ Bxd6 31. Rxd6 Qb7 32. Rxh1 Qxh1 33. Rxf6 Ne4 34. Qe3 Nxf6 35. Qxe5+ Kd7 36. Qxb8 Qd5 37. Qa7+ Ke6 38. Qa6+ Ke5 39. c4 Qd8 40. Qb5+ Ke6 41. Bf4 Qd3+ 42. Ka2 Ne4 43. Qe5+ Kd7 44. Qf5+ Ke7 45. Bg5+ Kd6 46. Bf4+ Ke7 47. Qe5+ Kd7 48. Qc7+ Ke6 49. Qe5+ 1/2-1/2

[Event "FIDE Chess.com Grand Swiss"]
[Site "Douglas"]
[Date "2019.10.15"]
[Round "6"]
[White "Alekseenko, Kirill"]
[Black "Akopian, Vladimir Eduardovic"]
[Result "1-0"]
[WhiteElo "2674"]
[BlackElo "2638"]
[PlyCount "81"]
[EventDate "2019.10.10"]
[EventType "swiss"]
[EventRounds "11"]
[EventCountry "IOM"]
[SourceTitle "CBM 193"]
[Source "ChessBase"]
[SourceDate "2019.12.31"]
[SourceVersion "1"]
[SourceVersionDate "2019.12.31"]
[SourceQuality "1"]

1. e4 e5 2. Nf3 Nc6 3. Bc4 Bc5 4. 0-0 Nf6 5. d3 h6 6. c3 d6 7. b4 Bb6 8. a4 a5 9. b5 Ne7 10. Nbd2 0-0 11. Bb3 Ng6 12. Re1 Bg4 13. h3 Bh5 14. Nf1 Nh4 15. N1h2 Nxf3+ 16. Nxf3 Qd7 17. Be3 Bxe3 18. Rxe3 Bxf3 19. Qxf3 c6 20. Bc4 d5 21. bxc6 bxc6 22. exd5 cxd5 23. Bb5 Qc7 24. Qg3 Qxc3 25. Qxe5 Qxe5 26. Rxe5 Rfc8 27. Rae1 Rc7 28. g4 g5 29. f4 gxf4 30. Rf1 Rd8 31. Rxf4 Nh7 32. Rff5 Rc2 33. Re7 Rf8 34. Be8 Kh8 35. h4 Rg8 36. Rfxf7 Rxg4+ 37. Kf1 Rxh4 38. Rxh7+ Kg8 39. Rhg7+ Kh8 40. Kg1 Rb4 41. Rg2 1-0

[Event "FIDE Chess.com Grand Swiss"]
[Site "Douglas"]
[Date "2019.10.11"]
[Round "2"]
[White "Solomon, Kenny"]
[Black "Akopian, Vladimir Eduardovic"]
[Result "0-1"]
[WhiteElo "2382"]
[BlackElo "2638"]
[PlyCount "76"]
[EventDate "2019.10.10"]
[EventType "swiss"]
[EventRounds "11"]
[EventCountry "IOM"]
[SourceTitle "CBM 193"]
[Source "ChessBase"]
[SourceDate "2019.12.31"]
[SourceVersion "1"]
[SourceVersionDate "2019.12.31"]
[SourceQuality "1"]

1. d4 Nf6 2. c4 e6 3. Nf3 c5 4. d5 d6 5. Nc3 exd5 6. cxd5 g6 7. Nd2 Bg7 8. e4 0-0 9. Be2 Re8 10. 0-0 Na6 11. f3 Nc7 12. a4 b6 13. Nc4 Ba6 14. Bg5 h6 15. Bh4 g5 16. Bf2 Bxc4 17. Bxc4 a6 18. Re1 Rb8 19. Qd2 Nd7 20. Bf1 Ne5 21. Nd1 b5 22. a5 Qf6 23. Ne3 Qxf3 24. Nf5 Qh5 25. Ra3 Qg6 26. Rg3 Nc4 27. Bxc4 bxc4 28. Nxg7 Kxg7 29. h4 f6 30. hxg5 hxg5 31. e5 Rxe5 32. Rxe5 dxe5 33. Bxc5 Qb1+ 34. Kh2 Rxb2 35. Qc3 Nxd5 36. Qxc4 Nf4 37. Be3 Qh7+ 38. Kg1 Ne2+ 0-1